| 000 | 01502cam a22003254i 4500 | ||
|---|---|---|---|
| 003 | PE-LiUPU | ||
| 005 | 20250805172727.0 | ||
| 008 | 1978s1978 ilu||||r ||| ||eng d | ||
| 020 | _a0842383905 | ||
| 035 | _aPE-LiUPU48137 | ||
| 040 |
_aPE-LiUPU _beng _cPE-LiUPU _erda |
||
| 082 | 0 | 4 |
_a225.3 _bW786w _223 |
| 100 |
_aWinter, Ralph D., _eeditor. _96417 |
||
| 245 | 1 | 4 |
_aThe Word Study New Testament : _bcontaining the numbering system to the Word Study Concordance and the key number index to standard reference works / _ceditado por Ralph D. Winter y Roberta H. Winter. |
| 264 | 1 |
_aWheaton, Illinois : _bTyndale House Publishers, _c1978. |
|
| 300 |
_aXXX, 840 páginas ; _c25 cm. |
||
| 336 |
_atext _2rdacontent |
||
| 337 |
_aunmediated _2rdamedia |
||
| 338 |
_avolume _2rdacarrier |
||
| 500 | _aEdición basada en la Authorized Version of the Holy Bible. | ||
| 504 | _aIncluye índices. | ||
| 505 | 0 | _aIntroduction -- How to use the Word Study New Testament -- Guide to key number index to standard reference works -- Word Study New Testament -- Key number index to standard reference works. | |
| 650 | 0 |
_aBiblia. _xGuías de estudio. _95949 |
|
| 700 |
_aWinter, Roberta H., _eeditor. _96418 |
||
| 710 |
_aTyndale House Publishers, Inc., _eeditor. _96419 |
||
| 710 |
_aWilliam Carey Library, _eeditor. _96420 |
||
| 856 | 4 | 0 |
_uhttps://www.tyndale.com/p/the-word-study-new-testament/9780842383905 _zInformación editorial en línea. |
| 942 |
_2ddc _cBK |
||
| 980 |
_821515 _gROMINA COBOS Adquisiciones |
||
| 999 |
_c44990 _d44990 |
||